E-biznis vzrastá aj na Slovensku

Rozvoj elektronického obchodu na Slovensku. Tri najväčšie virtuálne obchodné domy v Českej republike. Skúšobný test flexibility elektronického obchodu. Cena pripojenia na internet u nás a v ostatných európskych krajinách. Novinky zo sveta elektronického obchodu.

Gespeichert in:
Bibliographische Detailangaben
Format: Buchkapitel
Sprache:Slowakisch
Schlagworte:
Tags: Tag hinzufügen
Keine Tags, Fügen Sie das erste Tag hinzu!

MARC

LEADER 00000naa a2200000 4500
001 r035398
005 20230824101216.1
041 0 |a slo 
044 |a SK 
245 1 0 |a E-biznis vzrastá aj na Slovensku 
520 |a Rozvoj elektronického obchodu na Slovensku. Tri najväčšie virtuálne obchodné domy v Českej republike. Skúšobný test flexibility elektronického obchodu. Cena pripojenia na internet u nás a v ostatných európskych krajinách. Novinky zo sveta elektronického obchodu. 
610 2 0 |a obchod elektronický 
610 2 0 |a internet 
610 2 0 |a technika výpočtová 
610 2 0 |a domy obchodné virtuálne 
610 2 0 |a Slovensko 
610 2 0 |a Česko